Sahityar oitijya aru noirajya (Record no. 8054)

MARC details
000 -LEADER
fixed length control field 00532cam a2200217ua 4500
001 - CONTROL NUMBER
control field 8967
005 - DATE AND TIME OF LATEST TRANSACTION
control field 20260515114417.0
008 - FIXED-LENGTH DATA ELEMENTS--GENERAL INFORMATION
fixed length control field 150219n ii |||gr||||Z||||||asm
020 ## - INTERNATIONAL STANDARD BOOK NUMBER
International Standard Book Number 9789382726029
040 ## - CATALOGING SOURCE
Transcribing agency MAIN
041 ## - LANGUAGE CODE
Language code of text/sound track or separate title asm
082 ## - DEWEY DECIMAL CLASSIFICATION NUMBER
Classification number 809
100 ## - MAIN ENTRY--PERSONAL NAME
Personal name Sharma, M.,
Relator term Author.
245 1# - TITLE STATEMENT
Title Sahityar oitijya aru noirajya
Statement of responsibility, etc. By Manoj Sharma
250 ## - EDITION STATEMENT
Edition statement 1st.
260 ## - PUBLICATION, DISTRIBUTION, ETC.
Place of publication, distribution, etc. Guwahati:
Name of publisher, distributor, etc. Aank-bank,
Date of publication, distribution, etc. 2012.
300 ## - PHYSICAL DESCRIPTION
Extent 224p.
653 ## - INDEX TERM--UNCONTROLLED
Uncontrolled term History, description & criticism
653 ## - INDEX TERM--UNCONTROLLED
Uncontrolled term Literary criticism
942 ## - ADDED ENTRY ELEMENTS (KOHA)
Koha item type Books
Holdings
Withdrawn status Lost status Damaged status Not for loan Home library Current library Shelving location Date acquired Total checkouts Full call number Barcode Date last seen Copy number Price effective from Koha item type
        Naharkatiya College Library Naharkatiya College Library General stacks 09/19/2020   809 | SHA 22171 09/19/2020 1 09/19/2020 Books